Načítá se...

Kaushithakebrahmanaranyakavishayakoshah /

Podrobná bibliografie
Médium: Printed Book
Jazyk:Sanskrit
Vydáno: Satara : Prajna Pathashala mandal , 1976.
LEADER 00469nam a22001217a 4500
008 210323b ||||| |||| 00| 0 san d
082 |a 294.5921 KAU 
245 |a Kaushithakebrahmanaranyakavishayakoshah /  |c Ed. by Kevalanandasaraswathy. 
260 |a Satara :  |b Prajna Pathashala mandal ,  |c 1976. 
300 |a 49p. 
942 |c BK 
999 |c 357840  |d 357840 
952 |0 0  |1 0  |2 ddc  |4 0  |6 294_592100000000000_KAU  |7 0  |9 415127  |a SAN  |b SAN  |c ST1  |d 2021-03-23  |i 3968  |l 0  |o 294.5921 KAU  |p SAN3968  |r 2021-03-23  |y REF